Städte in Rheinland-Pfalz und Saarland - Bilderquiz - Statistiken

Allgemein
  • Dieses Quiz wurde 56 mal gespielt
  • Das Durchschnittsergebnis liegt bei 9 aus 16
Antwortstatistiken
Bildquiz Antwort % Korrekt
Trier
96%
Kaiserslautern
76%
Koblenz
76%
Speyer
72%
Völklingen
70%
Mainz
67%
Bingen
65%
Worms
61%
Saarbrücken
59%
Saarlouis
50%
Pirmasens
33%
Homburg
30%
Neustadt an der Weinstraße
30%
Zweibrücken
30%
Andernach
26%
Landau (Pfalz)
26%
Keine übereinstimmenden Quizze gefunden
Verteilung der Resultate
Anzahl Personen mit jedem Resultat
Perzentil nach korrekt beantworteten Fragen
Ihre Resultats-Entwicklung
Sie haben dieses Quiz noch nicht gespielt